[Event "Open Autunno"]
[Site "Ceriano Laghetto ITA"]
[Date "2006.12.12"]
[Round "6"]
[White "Ronconi, Fausto"]
[Black "D'Odorico, Roberto"]
[Result "0-1"]
[WhiteElo "1730"]
[BlackElo "1554"]
[PlyCount "70"]
[EventDate "2006.11.07"]

1. c4 Nf6 2. Nf3 g6 3. g3 Bg7 4. Bg2 O-O 5. O-O c5 6. Nc3 Nc6 7. d4 cxd4 8.
Nxd4 Qb6 9. Nxc6 dxc6 10. b3 Rd8 11. Qc2 Bf5 12. e4 Bg4 13. Be3 Qa5 14. Rad1
Bxd1 15. Rxd1 Ng4 16. Bd2 Bxc3 17. Bxc3 Rxd1+ 18. Qxd1 Qxc3 19. Qxg4 Rd8 20. h4
Qe1+ 21. Bf1 Rd1 22. Qh3 Qxe4 23. Kh2 e6 24. g4 Qf4+ 25. Kg1 Rd2 26. Qg2 Rxa2
27. b4 Ra1 28. b5 Qxc4 29. bxc6 Qxc6 30. Qg3 Qb5 31. Qg2 a5 32. f4 Qc5+ 33. Kh2
Qd5 34. Qh3 Qd2+ 35. Qg2 Qxg2+ 0-1

[Event "Open Autunno"]
[Site "Ceriano Laghetto ITA"]
[Date "2006.12.12"]
[Round "6"]
[White "Viale, Fabio"]
[Black "Colombo, Fabio"]
[Result "1-0"]
[WhiteElo "1688"]
[BlackElo "1793"]
[PlyCount "69"]
[EventDate "2006.11.07"]

1. d4 Nf6 2. c4 d5 3. cxd5 Nxd5 4. Nf3 Bg4 5. e4 Nb6 6. Be2 e6 7. O-O Be7 8.
Nbd2 Nc6 9. Bb5 O-O 10. Bxc6 bxc6 11. Qc2 Qd6 12. Ne5 Be2 13. Re1 Bb5 14. Ndf3
Rad8 15. Bf4 f6 16. Ng6 e5 17. dxe5 fxe5 18. Nxe7+ Qxe7 19. Bg5 Qe6 20. Bxd8
Rxd8 21. Rad1 Rf8 22. b3 Nd7 23. Qc3 h6 24. Qa5 Qg4 25. Re3 Rxf3 26. Rxf3 Be2
27. Rg3 Qxe4 28. Re1 Qc2 29. Qb4 c5 30. Qc3 Qxa2 31. Qe3 Qa6 32. Qxe2 Qf6 33.
Qg4 Nb6 34. Rd1 Kf7 35. Rf3 1-0

[Event "XXV Open Citta' di Cologno"]
[Site "Cologno Monzese ITA"]
[Date "2006.09.14"]
[Round "1"]
[White "Bergonzoni, Carlo"]
[Black "Bernago, Federico"]
[Result "0-1"]
[WhiteElo "1506"]
[BlackElo "1990"]
[PlyCount "68"]
[EventDate "2006.09.14"]

1. d4 Nf6 2. c4 c5 3. d5 b5 4. cxb5 a6 5. b6 Qxb6 6. Nc3 g6 7. e4 d6 8. Nf3 Bg7
9. Nd2 O-O 10. Bc4 Nbd7 11. Qb3 Qc7 12. O-O Rb8 13. Qc2 Nb6 14. b3 Nxc4 15.
bxc4 Bd7 16. Bb2 Rb7 17. Rfb1 Rfb8 18. f3 Be8 19. Nb3 Nd7 20. Ne2 Nf6 21. Nc3
Rb4 22. Nd2 Nd7 23. Nd1 Ne5 24. Bxe5 Bxe5 25. Rxb4 Rxb4 26. Rb1 Ba4 27. Nb3 Qb6
28. Nc3 Bxc3 29. Qxc3 a5 30. Kf2 Bxb3 31. Rxb3 a4 32. Rxb4 cxb4+ 33. Qe3 Qxe3+
34. Kxe3 b3 0-1

[Event "XXV Open Citta' di Cologno"]
[Site "Cologno Monzese ITA"]
[Date "2006.09.14"]
[Round "1"]
[White "Fornari, Sergio"]
[Black "Fiorili, Roberto"]
[Result "0-1"]
[WhiteElo "1433"]
[BlackElo "1934"]
[PlyCount "64"]
[EventDate "2006.09.14"]

1. d4 f5 2. e3 Nf6 3. Bd3 g6 4. Nf3 Bg7 5. Nbd2 O-O 6. O-O d6 7. Bc4+ Kh8 8.
Ng5 d5 9. Bb3 Ne4 10. Ngxe4 fxe4 11. c4 c6 12. cxd5 cxd5 13. a4 e5 14. dxe5
Bxe5 15. f4 Bg7 16. Nb1 d4 17. exd4 Bxd4+ 18. Kh1 Nc6 19. Nc3 Re8 20. Ne2 Bg4
21. Qe1 Rc8 22. h3 Bf5 23. Ng3 Na5 24. Nxf5 Nxb3 25. Nh6 Kg7 26. f5 Nxc1 27.
Rxc1 Rxc1 28. Qxc1 e3 29. Nf7 Qe7 30. fxg6 hxg6 31. Qc4 Bf6 32. Nh6 Kxh6 0-1

[Event "XXV Open Citta' di Cologno"]
[Site "Cologno Monzese ITA"]
[Date "2006.09.14"]
[Round "1"]
[White "Orsucci, Marzio"]
[Black "Cereda, Loris"]
[Result "1/2-1/2"]
[WhiteElo "1583"]
[BlackElo "2056"]
[PlyCount "111"]
[EventDate "2006.09.14"]

1. e4 e5 2. Nf3 Nc6 3. Bb5 a6 4. Ba4 Nf6 5. O-O Be7 6. d3 b5 7. Bb3 O-O 8. Nc3
d6 9. Nd5 Na5 10. Nxe7+ Qxe7 11. c4 bxc4 12. Ba4 cxd3 13. Qxd3 Be6 14. b3 Nb7
15. b4 Bd7 16. Bxd7 Qxd7 17. Bg5 Qb5 18. Qb1 Nd7 19. a4 Qb6 20. Nd2 c5 21. Nc4
Qc7 22. Rd1 Rfe8 23. b5 axb5 24. Qxb5 Reb8 25. Qb3 Na5 26. Qc3 Nxc4 27. Qxc4
Nb6 28. Qc2 Nc8 29. Rd3 h6 30. Bxh6 gxh6 31. Qd2 Ne7 32. Qxh6 Ng6 33. h4 Qe7
34. h5 Qf8 35. Qg5 Qg7 36. hxg6 Qxg6 37. Qxg6+ fxg6 38. Rxd6 Kf7 39. Rd5 Rb4
40. Rxe5 Rbxa4 41. Rxa4 Rxa4 42. f3 c4 43. Rc5 Ra1+ 44. Kf2 Ra2+ 45. Kg3 Rc2
46. Kf4 Rxg2 47. Rxc4 Ke7 48. Rc5 Ke6 49. Rg5 Rh2 50. Rxg6+ Ke7 51. Kf5 Kf7 52.
f4 Rf2 53. e5 Rxf4+ 54. Kxf4 Kxg6 55. Kg4 Kf7 56. Kf5 1/2-1/2

[Event "XXV Open Citta' di Cologno"]
[Site "Cologno Monzese ITA"]
[Date "2006.09.14"]
[Round "1"]
[White "Salmoiraghi, Angelo"]
[Black "Menegon, Daniele"]
[Result "1-0"]
[WhiteElo "2015"]
[BlackElo "1580"]
[PlyCount "85"]
[EventDate "2006.09.14"]

1. d4 Nf6 2. c4 g6 3. Nc3 Bg7 4. g3 d6 5. Bg2 O-O 6. Nf3 c6 7. h3 Na6 8. e4 Nd7
9. O-O Nc7 10. Qe2 c5 11. Be3 cxd4 12. Nxd4 Nc5 13. Rfd1 Bd7 14. Rac1 Qc8 15.
Kh2 Rd8 16. Nd5 Kf8 17. b4 e5 18. bxc5 exd4 19. cxd6 Ne6 20. Bd2 Ba4 21. Bb4
Nc5 22. Ne7 Bxd1 23. Rxd1 Qe6 24. Bxc5 Be5 25. Bxd4 Bxd4 26. Rxd4 Rxd6 27. Rxd6
Qxd6 28. Nd5 Re8 29. Qe3 b6 30. Qf4 Qe5 31. Qxe5 Rxe5 32. f4 Re6 33. e5 Rc6 34.
Ne3 Rc5 35. a3 Ra5 36. Nc2 Ra4 37. Bd5 h5 38. Kg2 a6 39. Kf3 Ke7 40. g4 hxg4+
41. Kxg4 Kf8 42. Kg5 Kg7 43. h4 1-0

[Event "XXV Open Citta' di Cologno"]
[Site "Cologno Monzese ITA"]
[Date "2006.09.14"]
[Round "1"]
[White "Spreafico, Fabrizio"]
[Black "Fragomeni, Carlo"]
[Result "1-0"]
[WhiteElo "1874"]
[BlackElo "1422"]
[PlyCount "45"]
[EventDate "2006.09.14"]

1. d4 d5 2. Bf4 Nf6 3. e3 Bf5 4. c4 e6 5. Nc3 Na6 6. a3 Bd6 7. Bg5 c6 8. Nf3 h6
9. Bh4 Bg4 10. Qb3 Rb8 11. Bd3 Bxf3 12. gxf3 Be7 13. O-O-O O-O 14. Qc2 c5 15.
Bg3 Bd6 16. Rdg1 Nh5 17. Nb5 Nxg3 18. hxg3 Qb6 19. g4 Be7 20. g5 Bxg5 21. Rxg5
hxg5 22. Bh7+ Kh8 23. Bg8+ 1-0

[Event "XXV Open Citta' di Cologno"]
[Site "Cologno Monzese ITA"]
[Date "2006.09.14"]
[Round "1"]
[White "Tafur, Abel"]
[Black "Pezzotta, Gianni"]
[Result "1-0"]
[WhiteElo "1966"]
[BlackElo "1444"]
[PlyCount "81"]
[EventDate "2006.09.14"]

1. e4 d6 2. d4 Nd7 3. c4 c6 4. Nc3 Qc7 5. Nf3 Ngf6 6. Be2 e6 7. O-O Be7 8. a4
O-O 9. a5 a6 10. Bg5 e5 11. d5 Nc5 12. Bxf6 Bxf6 13. b4 Nd7 14. Qd2 Bd8 15.
Rfd1 Be7 16. c5 Qb8 17. dxc6 bxc6 18. cxd6 Bf6 19. Na4 Ra7 20. Rac1 Rb7 21.
Bxa6 Rxb4 22. Bxc8 Rxc8 23. Nb6 Rxb6 24. axb6 Qxb6 25. Rb1 Qd8 26. Rb7 Qe8 27.
Ra1 h6 28. Raa7 Rd8 29. Qc3 c5 30. Qc4 Rb8 31. Rxb8 Nxb8 32. Qxc5 Kh7 33. h3
Nd7 34. Qc6 Qb8 35. Rxd7 Qb1+ 36. Kh2 Qb2 37. Rxf7 Qxf2 38. Rxf6 gxf6 39. d7
Qe3 40. d8=Q Qf4+ 41. Kh1 1-0

[Event "XXV Open Citta' di Cologno"]
[Site "Cologno Monzese ITA"]
[Date "2006.09.21"]
[Round "2"]
[White "Cereda, Loris"]
[Black "Olivo, Mario"]
[Result "0-1"]
[WhiteElo "2056"]
[BlackElo "1871"]
[PlyCount "78"]
[EventDate "2006.09.14"]

1. e4 c5 2. Nc3 Nc6 3. f4 d6 4. Nf3 Nf6 5. Bc4 e6 6. d3 Be7 7. O-O a6 8. a4 O-O
9. Bd2 Qc7 10. Qe1 Nb4 11. Rc1 Rb8 12. e5 Nd7 13. exd6 Bxd6 14. Qh4 Nf6 15. Ne4
Be7 16. Qg3 Nbd5 17. Ne5 b5 18. axb5 axb5 19. Bb3 Nxe4 20. dxe4 Nf6 21. Qf3 c4
22. Ba2 Bb7 23. Rce1 Ra8 24. Bb1 Rfd8 25. Bc3 b4 26. Nxf7 Kxf7 27. Bxf6 Qc5+
28. Kh1 Bxf6 29. Qh3 h6 30. e5 Rd2 31. Rg1 Be7 32. c3 bxc3 33. f5 c2 34. Qh5+
Kg8 35. Bxc2 Rxc2 36. Qg6 exf5 37. Qxf5 Qf2 38. Qg6 Bg5 39. Ref1 Bxg2+ 0-1

[Event "XXV Open Citta' di Cologno"]
[Site "Cologno Monzese ITA"]
[Date "2006.09.21"]
[Round "2"]
[White "Fiorili, Roberto"]
[Black "Bozzali, Ermanno"]
[Result "1/2-1/2"]
[WhiteElo "1934"]
[BlackElo "2076"]
[PlyCount "77"]
[EventDate "2006.09.14"]

1. e4 c5 2. Nf3 d6 3. d4 cxd4 4. Nxd4 Nf6 5. Nc3 a6 6. Bg5 e6 7. f4 Qc7 8. Qf3
Nbd7 9. Bd3 b5 10. a3 Bb7 11. Qe2 Be7 12. f5 e5 13. Nb3 Rc8 14. Be3 Nc5 15. Nd2
h5 16. h3 h4 17. O-O-O Qa5 18. Rdg1 Nh5 19. Nf1 b4 20. Nb1 Nxd3+ 21. Qxd3 O-O
22. g4 bxa3 23. bxa3 Nf6 24. Nfd2 d5 25. Qb3 d4 26. Bg5 Rb8 27. Nc4 Qc7 28.
Bxf6 gxf6 29. Rh2 Bd5 30. exd5 Rxb3 31. cxb3 e4 32. Rhg2 Bd6 33. g5 Bf4+ 34.
Kb2 fxg5 35. d6 Qc5 36. Rxg5+ Kh7 37. Rh5+ Bh6 38. Rg7+ Kh8 39. Rgg5 1/2-1/2

[Event "XXV Open Citta' di Cologno"]
[Site "Cologno Monzese ITA"]
[Date "2006.09.21"]
[Round "2"]
[White "Spreafico, Fabrizio"]
[Black "Salmoiraghi, Angelo"]
[Result "1/2-1/2"]
[WhiteElo "1874"]
[BlackElo "2015"]
[PlyCount "91"]
[EventDate "2006.09.14"]

1. d4 d5 2. Bf4 Nf6 3. e3 Bg4 4. Be2 Bxe2 5. Qxe2 c5 6. Nf3 Nc6 7. c3 e6 8.
Nbd2 Nh5 9. Bg5 f6 10. Ne5 g6 11. Bh4 Be7 12. Nef3 f5 13. Bxe7 Qxe7 14. Qb5 c4
15. Ne5 Rc8 16. Ndf3 O-O 17. h4 a6 18. Qa4 Nf6 19. g3 Nd7 20. Nxd7 Qxd7 21. h5
b5 22. Qd1 Kg7 23. Kd2 b4 24. Ng5 h6 25. hxg6 Rf6 26. Nf3 Rxg6 27. cxb4 Nxb4
28. Ne5 Qb5 29. a4 Qa5 30. Ke2 Rf6 31. f4 Nc6 32. Nd7 Rg6 33. Kf3 Qb4 34. Qc2
Qe7 35. Nc5 Nb4 36. Qc3 a5 37. b3 cxb3 38. Qxb3 Rh8 39. Rac1 h5 40. Nd3 Nxd3
41. Qxd3 h4 42. gxh4 Rxh4 43. Rcg1 Rxh1 44. Rxh1 Qb4 45. Qb5 Qe7 46. Qxa5
1/2-1/2

[Event "XXV Open Citta' di Cologno"]
[Site "Cologno Monzese ITA"]
[Date "2006.10.05"]
[Round "3"]
[White "Bernago, Federico"]
[Black "Tafur, Abel"]
[Result "1-0"]
[WhiteElo "1990"]
[BlackElo "1966"]
[PlyCount "36"]
[EventDate "2006.09.14"]

1. e4 d6 2. d4 Nf6 3. Nc3 g6 4. Be2 Bg7 5. g4 h5 6. g5 Nfd7 7. f4 c5 8. d5 O-O
9. Bxh5 gxh5 10. Qxh5 Qa5 11. Bd2 Qb4 12. Nge2 Qxb2 13. Rc1 b5 14. O-O Nb6 15.
f5 b4 16. g6 fxg6 17. fxg6 Rf6 18. Qh7+ Kf8 1-0

[Event "XXV Open Citta' di Cologno"]
[Site "Cologno Monzese ITA"]
[Date "2006.10.05"]
[Round "3"]
[White "Bozzali, Ermanno"]
[Black "Spreafico, Fabrizio"]
[Result "1-0"]
[WhiteElo "2076"]
[BlackElo "1874"]
[PlyCount "61"]
[EventDate "2006.09.14"]

1. e4 c6 2. d4 d5 3. Nc3 dxe4 4. Nxe4 Nf6 5. Nxf6+ exf6 6. Bc4 Qe7+ 7. Qe2 Bg4
8. Nf3 Nd7 9. Bd2 Rd8 10. c3 Nb6 11. Bb3 Qxe2+ 12. Kxe2 Bd6 13. h3 Be6 14. Rhe1
O-O 15. Kf1 Rfe8 16. Rad1 Kf8 17. Bc1 a5 18. Re2 a4 19. Bxe6 fxe6 20. Rde1 Kf7
21. Nd2 c5 22. dxc5 Bxc5 23. Ne4 Bf8 24. Be3 Nd5 25. Bc5 Nf4 26. Bxf8 Nxe2 27.
Bd6 f5 28. Bc7 Rd7 29. Nd6+ Rxd6 30. Bxd6 Rd8 31. Be5 1-0

[Event "XXV Open Citta' di Cologno"]
[Site "Cologno Monzese ITA"]
[Date "2006.10.12"]
[Round "4"]
[White "Fiorili, Roberto"]
[Black "Bernago, Federico"]
[Result "1/2-1/2"]
[WhiteElo "1934"]
[BlackElo "1990"]
[PlyCount "65"]
[EventDate "2006.09.14"]

1. e4 c5 2. Nf3 e6 3. d4 cxd4 4. Nxd4 a6 5. c4 Nf6 6. f3 Qc7 7. Nc3 Nc6 8. Be3
Bd6 9. Bg1 O-O 10. a3 Be5 11. Rc1 Re8 12. Be2 Qd8 13. Be3 Nxd4 14. Bxd4 Bf4 15.
Rc2 d5 16. Bxf6 Qxf6 17. cxd5 Qg6 18. O-O h5 19. Bc4 Be3+ 20. Kh1 e5 21. Qd3
Bd4 22. Ne2 Bb6 23. f4 exf4 24. Rxf4 Qd6 25. Ba2 Bg4 26. g3 Bxe2 27. Qxe2 Re5
28. Qf3 f6 29. Rf5 Rae8 30. Rxe5 Rxe5 31. Qf4 Kh7 32. b4 g6 33. Kg2 1/2-1/2

[Event "XXV Open Citta' di Cologno"]
[Site "Cologno Monzese ITA"]
[Date "2006.10.12"]
[Round "4"]
[White "Olivo, Mario"]
[Black "Borgni, Cristiano"]
[Result "0-1"]
[WhiteElo "1871"]
[BlackElo "1826"]
[PlyCount "92"]
[EventDate "2006.09.14"]

1. c4 e5 2. Nc3 Nc6 3. g3 Nf6 4. Bg2 Bc5 5. e3 a6 6. Nge2 d6 7. O-O O-O 8. a3
Bf5 9. b4 Ba7 10. b5 axb5 11. cxb5 Na5 12. d4 e4 13. Qc2 Re8 14. a4 Qd7 15. Nf4
d5 16. Ba3 g5 17. Nfe2 Bh3 18. Rac1 Bxg2 19. Kxg2 Nc4 20. Nxd5 Nxd5 21. Qxc4
Qf5 22. Ng1 h5 23. Qe2 g4 24. h3 Re6 25. h4 Bb6 26. Rc4 Rf6 27. Rfc1 Qf3+ 28.
Qxf3 exf3+ 29. Kf1 Re8 30. Bb4 Rfe6 31. Bd2 Ra8 32. Ke1 f5 33. Kd1 Kf7 34. Kc2
Ke7 35. Kb3 Kd7 36. R1c2 c6 37. bxc6+ bxc6 38. Ra2 Bc7 39. Bc1 Rb8+ 40. Kc2
Bxg3 41. Kd1 Bxh4 42. a5 Bd8 43. a6 Bb6 44. Ke1 h4 45. a7 Ra8 46. Ra6 h3 0-1

[Event "XXV Open Citta' di Cologno"]
[Site "Cologno Monzese ITA"]
[Date "2006.10.19"]
[Round "5"]
[White "Bernago, Federico"]
[Black "Bozzali, Ermanno"]
[Result "1/2-1/2"]
[WhiteElo "1990"]
[BlackElo "2076"]
[PlyCount "125"]
[EventDate "2006.09.14"]

1. e4 c5 2. Nf3 Nc6 3. d3 g6 4. g3 Bg7 5. Bg2 e6 6. O-O Nge7 7. Re1 d6 8. Nbd2
O-O 9. Nf1 e5 10. c3 b5 11. h3 Rb8 12. Be3 b4 13. Qd2 bxc3 14. bxc3 Qa5 15.
Rab1 Be6 16. Ra1 Rb7 17. Bh6 Rfb8 18. Bxg7 Kxg7 19. Rec1 Rb2 20. Rc2 Rb1 21.
Rxb1 Rxb1 22. Ng5 Bc8 23. Rb2 Ra1 24. Kh2 f6 25. Nf3 Be6 26. Ne3 Rxa2 27. Nd5
Bxd5 28. exd5 Rxb2 29. Qxb2 Nd8 30. Nd2 Qc7 31. Nc4 Nc8 32. Qa3 Nb7 33. Qa4 Kf7
34. h4 Ke7 35. Qa1 Kf7 36. Qa4 Nd8 37. Qa6 Nb6 38. Na5 Ke7 39. Nc6+ Nxc6 40.
dxc6 d5 41. Qb5 Kd6 42. c4 Qxc6 43. Qa5 Qa4 44. Qd2 d4 45. Qh6 Qd7 46. Qf8+ Qe7
47. Qb8+ Ke6 48. Qg8+ Kd7 49. Qb8 Nc8 50. Bb7 Qd8 51. Bxc8+ Qxc8 52. Qxa7+ Qc7
53. Qa4+ Ke7 54. Qa8 f5 55. Qg8 Kf6 56. Qf8+ Ke6 57. Qe8+ Kd6 58. Qf8+ Kd7 59.
Qg8 Kc6 60. Qe8+ Kb7 61. Qb5+ Qb6 62. Qd7+ Qc7 63. Qb5+ 1/2-1/2

[Event "XXV Open Citta' di Cologno"]
[Site "Cologno Monzese ITA"]
[Date "2006.10.19"]
[Round "5"]
[White "Borgni, Cristiano"]
[Black "Fiorili, Roberto"]
[Result "0-1"]
[WhiteElo "1826"]
[BlackElo "1934"]
[PlyCount "116"]
[EventDate "2006.09.14"]

1. e4 c5 2. Nf3 d6 3. d4 cxd4 4. Nxd4 Nf6 5. f3 a6 6. Nc3 e6 7. Be3 b5 8. a3
Bb7 9. Be2 Nbd7 10. O-O Rc8 11. Kh1 Nb6 12. Bg1 Nc4 13. b3 Ne5 14. Qd2 Qc7 15.
Na2 d5 16. exd5 Nxd5 17. Nb4 Nc3 18. Nd3 Ng6 19. Rfe1 Be7 20. Bf1 O-O 21. Ne2
Nd5 22. Ra2 Rfd8 23. Bf2 h5 24. Bg3 Bd6 25. Qg5 Bxg3 26. Nxg3 Nc3 27. Rb2 Rd5
28. Qe3 h4 29. Ne2 Rh5 30. Nef4 Nd5 31. Nxd5 Bxd5 32. Nb4 Bb7 33. c4 h3 34. Nd3
hxg2+ 35. Rxg2 Nh4 36. Qf4 Nxg2 37. Qxc7 Rxc7 38. Bxg2 bxc4 39. bxc4 Rxc4 40.
h3 Rc3 41. Nf4 Ra5 42. Ne2 Rcxa3 43. f4 Rxh3+ 44. Kg1 Bxg2 45. Kxg2 Rha3 46.
Rc1 Ra1 47. Rc8+ Kh7 48. Kg3 Kg6 49. Kg4 R1a3 50. Rc6 Rh5 51. Ng3 f5+ 52. Nxf5
Rxf5 53. Rxe6+ Rf6 54. Re4 a5 55. Rd4 a4 56. Rc4 Ra1 57. Rb4 a3 58. Ra4 a2 0-1

[Event "XXV Open Citta' di Cologno"]
[Site "Cologno Monzese ITA"]
[Date "2006.10.19"]
[Round "5"]
[White "Magnani, Corrado"]
[Black "Salmoiraghi, Angelo"]
[Result "0-1"]
[WhiteElo "1703"]
[BlackElo "2015"]
[PlyCount "58"]
[EventDate "2006.09.14"]

1. e4 g6 2. Nf3 Bg7 3. d4 d6 4. h3 Nf6 5. Nc3 O-O 6. Bc4 c6 7. O-O b5 8. Bd3
Nbd7 9. Re1 e5 10. d5 cxd5 11. exd5 b4 12. Ne2 e4 13. Ned4 exf3 14. Nc6 Qc7 15.
Qxf3 Ne5 16. Nxe5 dxe5 17. Bg5 Qd6 18. Bc4 Bb7 19. Rad1 Rfc8 20. Bb3 a5 21. c4
a4 22. Bc2 Rxc4 23. Bxf6 Bxf6 24. Be4 Rac8 25. g3 Bg7 26. h4 f5 27. Bb1 e4 28.
Qe2 Bd4 29. b3 Qxg3+ 0-1

[Event "XXV Open Citta' di Cologno"]
[Site "Cologno Monzese ITA"]
[Date "2006.10.19"]
[Round "5"]
[White "Menegon, Daniele"]
[Black "Olivo, Mario"]
[Result "0-1"]
[WhiteElo "1580"]
[BlackElo "1871"]
[PlyCount "104"]
[EventDate "2006.09.14"]

1. d4 Nf6 2. c4 g6 3. Nc3 Bg7 4. e4 d6 5. f4 O-O 6. Nf3 c5 7. dxc5 Qa5 8. Bd2
Qxc5 9. h3 Nh5 10. Qc2 Ng3 11. Rg1 Bd4 12. Nxd4 Qxd4 13. Qd3 Qxg1 14. Qxg3 Qb6
15. b3 Nc6 16. Nd5 Qd4 17. Qc3 Qxe4+ 18. Be3 Be6 19. Nc7 Rac8 20. Nxe6 fxe6 21.
Kd2 e5 22. Rd1 a6 23. fxe5 Qxe5 24. Be2 Qxc3+ 25. Kxc3 Ne5 26. Kb2 a5 27. Bb6
a4 28. Bd4 Nc6 29. Be3 axb3 30. Bg4 Ra8 31. axb3 Kg7 32. Ra1 Rxa1 33. Kxa1 e5
34. Kb2 Nd4 35. Bxd4 exd4 36. Bf3 b6 37. Kc2 Kf6 38. Kd3 Ke5 39. Ke2 h5 40. Kd3
Rb8 41. Be4 g5 42. Bf3 h4 43. Bc6 Rc8 44. Bf3 Rc7 45. Ke2 Ra7 46. Kd3 Ra3 47.
Kc2 d3+ 48. Kb2 Ra7 49. Kc3 d2 50. Kxd2 Kd4 51. Kc2 Ra2+ 52. Kb1 Rf2 0-1

[Event "XXV Open Citta' di Cologno"]
[Site "Cologno Monzese ITA"]
[Date "2006.10.19"]
[Round "5"]
[White "Pezzotta, Gianni"]
[Black "Fornari, Sergio"]
[Result "1-0"]
[WhiteElo "1444"]
[BlackElo "1433"]
[PlyCount "29"]
[EventDate "2006.09.14"]

1. d4 d5 2. Nf3 Nf6 3. e3 Bf5 4. Nbd2 h6 5. c3 e6 6. Ne5 c5 7. Ndf3 Nbd7 8. Be2
cxd4 9. cxd4 Bb4+ 10. Bd2 Bxd2+ 11. Qxd2 Ne4 12. Qb4 f6 13. Nxd7 e5 14. Nh4
Bxd7 15. Bh5+ 1-0

[Event "XXV Open Citta' di Cologno"]
[Site "Cologno Monzese ITA"]
[Date "2006.10.26"]
[Round "6"]
[White "Fiorili, Roberto"]
[Black "Cereda, Loris"]
[Result "0-1"]
[WhiteElo "1934"]
[BlackElo "2056"]
[PlyCount "56"]
[EventDate "2006.09.14"]

1. e4 e5 2. Nf3 Nc6 3. d4 exd4 4. Nxd4 Bc5 5. Be3 Qf6 6. c3 d6 7. Be2 Nh6 8.
O-O Qg6 9. Kh1 Ne5 10. Nb5 O-O 11. Bxc5 dxc5 12. Nxc7 Rb8 13. Qd5 Neg4 14. Qxc5
Qxe4 15. Bf3 Qc2 16. Qxa7 Bf5 17. h3 Ne5 18. Qe3 Nxf3 19. gxf3 Qxb2 20. Nd2
Rfd8 21. Nb3 Rbc8 22. Rg1 Bg6 23. Rgd1 Nf5 24. Qe1 h6 25. Nb5 Nh4 26. Rxd8+
Rxd8 27. Qe7 Qxf2 28. Qxd8+ Kh7 0-1

[Event "XXV Open Citta' di Cologno"]
[Site "Cologno Monzese ITA"]
[Date "2006.10.26"]
[Round "6"]
[White "Olivo, Mario"]
[Black "Bernago, Federico"]
[Result "1/2-1/2"]
[WhiteElo "1871"]
[BlackElo "1990"]
[PlyCount "97"]
[EventDate "2006.09.14"]

1. c4 e5 2. Nc3 Nc6 3. Nf3 g6 4. g3 Bg7 5. Bg2 f5 6. d3 Nge7 7. Bg5 h6 8. Bd2
O-O 9. Rb1 a5 10. O-O d6 11. a3 Kh8 12. Qc1 Ng8 13. e3 Nce7 14. Qc2 g5 15. Rbc1
c6 16. Ne2 Ng6 17. d4 g4 18. Ne1 Qe8 19. Nd3 Nf6 20. dxe5 dxe5 21. Bc3 Nh5 22.
Rcd1 Be6 23. b3 a4 24. Nc5 axb3 25. Qxb3 b5 26. Rd6 Bxc4 27. Qb2 Bd5 28. Bxd5
cxd5 29. Rxd5 Rc8 30. Rfd1 f4 31. exf4 Nf6 32. Nd7 Nxd5 33. Nxf8 Qxf8 34. Rxd5
exf4 35. Bxg7+ Qxg7 36. Qxg7+ Kxg7 37. gxf4 Ra8 38. Rd3 Ra4 39. Rb3 Nh4 40. h3
gxh3 41. Rxh3 Ng6 42. Rg3 Kf6 43. Nc3 Rc4 44. Nxb5 Nxf4 45. Kh2 Ne2 46. Rf3+
Kg6 47. Re3 Nd4 48. Nxd4 Rxd4 49. Kg3 1/2-1/2

[Event "XXV Open Citta' di Cologno"]
[Site "Cologno Monzese ITA"]
[Date "2006.10.26"]
[Round "6"]
[White "Salmoiraghi, Angelo"]
[Black "Bozzali, Ermanno"]
[Result "1-0"]
[WhiteElo "2015"]
[BlackElo "2076"]
[PlyCount "89"]
[EventDate "2006.09.14"]

1. b3 e5 2. Bb2 Nc6 3. e3 d6 4. c4 f5 5. Nc3 Nf6 6. d4 Bd7 7. dxe5 dxe5 8. Nf3
e4 9. Nd4 Bd6 10. Be2 O-O 11. g3 Qe7 12. Nxc6 bxc6 13. O-O Rad8 14. Qc2 Rfe8
15. Rad1 f4 16. exf4 Bh3 17. Rfe1 e3 18. f3 Bc5 19. Na4 Rd2 20. Qc1 Red8 21.
Nxc5 Qxc5 22. Bc3 a5 23. a3 R8d7 24. b4 axb4 25. axb4 Qa7 26. c5 Rxd1 27. Rxd1
Nd5 28. Bc4 Qa4 29. Re1 Re7 30. Rxe3 Rxe3 31. Qxe3 Qd1+ 32. Qe1 Qxe1+ 33. Bxe1
Kf8 34. Bd2 Be6 35. Bd3 g6 36. Kg2 Ne7 37. g4 Kf7 38. Kf2 Nd5 39. Ke2 Kf6 40.
Be4 Bg8 41. Kd3 Be6 42. Kd4 Bf7 43. b5 Ne7 44. b6 cxb6 45. cxb6 1-0

[Event "XXV Open Citta' di Cologno"]
[Site "Cologno Monzese ITA"]
[Date "2006.10.26"]
[Round "6"]
[White "Spreafico, Fabrizio"]
[Black "Orsucci, Marzio"]
[Result "1-0"]
[WhiteElo "1874"]
[BlackElo "1583"]
[PlyCount "39"]
[EventDate "2006.09.14"]

1. d4 d5 2. Bf4 Nf6 3. e3 e6 4. Nf3 Bd6 5. Ne5 O-O 6. Nd2 c5 7. c3 Qb6 8. Rb1
Nfd7 9. Bd3 c4 10. Bc2 f6 11. Qh5 f5 12. g4 Nf6 13. Qh3 fxg4 14. Nxg4 Nbd7 15.
Rg1 Kf7 16. Ne5+ Bxe5 17. dxe5 Ne4 18. Qxh7 Qd8 19. Rxg7+ Ke8 20. Qg6+ 1-0

[Event "III Torneo A Settembre Vomero"]
[Site "Napoli ITA"]
[Date "2006.09.14"]
[Round "1"]
[White "Capozzoli, Silvio"]
[Black "Cecaro, Dario"]
[Result "1/2-1/2"]
[WhiteElo "1906"]
[BlackElo "2096"]
[PlyCount "69"]
[EventDate "2006.09.14"]

1. c4 e5 2. Nc3 d6 3. g3 c5 4. Bg2 Nc6 5. e3 f5 6. Nge2 Nf6 7. O-O Be7 8. d4
cxd4 9. exd4 e4 10. Nf4 O-O 11. Nfd5 Nxd5 12. Nxd5 Bf6 13. Be3 Ne7 14. Nxf6+
Rxf6 15. d5 b6 16. Bd4 Rf7 17. f3 exf3 18. Bxf3 Ng6 19. Bh5 Qg5 20. Qf3 Ba6 21.
b3 Raf8 22. Bxg6 Qxg6 23. Qf4 Bc8 24. Rae1 Bd7 25. Re2 Re8 26. Rxe8+ Bxe8 27.
Re1 Bd7 28. Qh4 h6 29. Qd8+ Kh7 30. Re7 Rxe7 31. Qxe7 Qg4 32. Qe3 Qd1+ 33. Kg2
Qc2+ 34. Qf2 Qe4+ 35. Kg1 1/2-1/2

[Event "III Torneo A Settembre Vomero"]
[Site "Napoli ITA"]
[Date "2006.09.14"]
[Round "1"]
[White "Ficco, Corrado"]
[Black "Benedetto, Massimo"]
[Result "0-1"]
[WhiteElo "2165"]
[BlackElo "1936"]
[PlyCount "98"]
[EventDate "2006.09.14"]

1. c4 Nf6 2. Nc3 c5 3. Nf3 e6 4. g3 b6 5. Bg2 Bb7 6. O-O Be7 7. d4 cxd4 8. Qxd4
d6 9. b3 O-O 10. Ba3 Nc6 11. Qd2 a6 12. Rad1 d5 13. Bxe7 Nxe7 14. cxd5 Nexd5
15. Qb2 Qe7 16. Nxd5 Bxd5 17. Ne5 Bxg2 18. Kxg2 Rfd8 19. f3 Qb7 20. e4 Rac8 21.
Nc4 Qb8 22. Qe2 b5 23. Na5 Qb6 24. b4 h6 25. Nb3 e5 26. Nc5 a5 27. a3 a4 28.
Rxd8+ Rxd8 29. Rd1 Rxd1 30. Qxd1 Kh7 31. Qd3 Qc6 32. Kg1 Ne8 33. Qc3 Qd6 34.
Kf2 f6 35. Ke2 Qc6 36. Nxa4 Qe6 37. Nc5 Qa2+ 38. Qd2 Qxa3 39. h4 Qa7 40. Qd5
Qc7 41. h5 Nd6 42. g4 Qe7 43. Ne6 Nc4 44. Nc5 Qa7 45. Qd3 Qa2+ 46. Kf1 Qa1+ 47.
Kg2 Qb2+ 48. Kh3 Qf2 49. Ne6 Ne3 0-1

[Event "III Torneo A Settembre Vomero"]
[Site "Napoli ITA"]
[Date "2006.09.14"]
[Round "1"]
[White "Pinto, Gaetano"]
[Black "Rosato, Luciano"]
[Result "0-1"]
[WhiteElo "1979"]
[BlackElo "2215"]
[PlyCount "96"]
[EventDate "2006.09.14"]

1. d4 Nf6 2. c3 d5 3. Nf3 Bf5 4. Bg5 e6 5. e3 Be7 6. Nbd2 Nbd7 7. Be2 O-O 8.
Nh4 Be4 9. Nxe4 dxe4 10. g3 h6 11. Bxf6 Bxf6 12. Ng2 e5 13. O-O exd4 14. cxd4
c5 15. dxc5 Nxc5 16. Nf4 Bxb2 17. Rb1 Be5 18. Qc1 Rc8 19. Qa3 Bxf4 20. exf4 a6
21. Rfd1 Qc7 22. Rbc1 b6 23. Qe3 Qe7 24. Rd5 Rfd8 25. Rcd1 Rxd5 26. Rxd5 Rd8
27. Qd4 Rxd5 28. Qxd5 b5 29. h4 Kh7 30. Kg2 Na4 31. Qd4 f5 32. Bd1 Qc5 33. Qxc5
Nxc5 34. Kf1 Nd3 35. Bb3 a5 36. h5 g6 37. hxg6+ Kxg6 38. Bg8 b4 39. Ke2 a4 40.
Bc4 b3 41. Kd2 bxa2 42. Bxa2 Nxf2 43. Ke3 Ng4+ 44. Kd4 Kf6 45. Bc4 Ke7 46. Kc5
Ne3 47. Bg8 Nf1 48. Kb4 Nxg3 0-1